| 000 | 00948amm a2200325 4500 | ||
|---|---|---|---|
| 008 | 011218s2011 cat | ||
| 041 | _acat | ||
| 041 | _beng | ||
| 041 | _bspa | ||
| 080 | _a617.7(038) | ||
| 110 |
_aTERMCAT _960609 |
||
| 245 |
_aDiccionari d'oftalmologia _h[en línia] _cTERMCAT, Centre de Terminologia |
||
| 260 |
_aBarcelona _bTERMCAT, Centre de Terminologia _c2011 |
||
| 490 | _aDiccionaris en Línia | ||
| 500 | _aBibliografia. Índexs | ||
| 500 | _aCategoria gramatical, sinònims, remissions | ||
| 500 | _btermcat | ||
| 520 | _aaprox. 1.200 | ||
| 546 | _acatalà | ||
| 591 | _aOFTALMO-E | ||
| 592 | _aObra terminològica | ||
| 593 | _aEK | ||
| 650 |
_aoftalmologia _961420 |
||
| 830 |
_aDiccionaris en Línia _974364 |
||
| 856 | _uhttps://www.termcat.cat/ca/diccionaris-en-linia/121 | ||
| 901 | _c<2011> | ||
| 902 | _a011218 | ||
| 942 |
_cMO _2ddc _n0 |
||
| 999 |
_c68317 _d68317 |
||